000 01486 a2200205 4500
001 50153
005 20260407155802.0
008 260407a1952 arg spa d
003 AR-UNSa-BCEJYS
040 _aAR-UNSa-BCEJYS
_bspa
_cAR-UNSa-BCEJYS
080 _a101.1
_xNaturaleza de la filosofía. La filosofía como ciencia. La filosofía como arte (pensamiento filosófico)
245 1 0 _aLa esencia de la Filosofía
250 _a2a. ed.
264 1 _aBuenos Aires :
_bLosada
_c1952
300 _a192 p.
505 _aPrimera parte: Procedimiento histórico para la determinación de la esencia de la filosofía - I. Primeras determinaciones sobre el contenido general - II. Deducción histórica de los rasgos esenciales de la filosofía del complejo de los sistemas - III. Términos intermedios entre filosfía y religiosidad,literatura y poesía - Segunda parte: La esencia de la filosofía comprendida desde su posición en el mundo espiritual - I. Incorporación de la función de la filosofía en el complejo de la vida anímica,la sociedad y la historia - II. Teoría de la concepción del mundo.La religión y la poesía en sus relaciones con la filosofía - III. La concepción filosófica del mundo.El intento de elevar la concepción del mundo a validez universal - IV. Filosofía y ciencia - V. El concepto esencial de la filosofía.Perspectiva en su historia y su sistemática
942 _cBK
590 _aniveau_biblio:m niveau_hierar:0
100 1 _aDilthey, Wilhelm
999 _c4978
_d4978